000 00765cam a2200241 i 4500
001 1335753
003 Ke-BoTe
005 20211101150102.0
008 800425s1980 ilu b 000 0 eng
010 _a 79003634
020 _a0877848084 (pbk.) :
_c$4.95
040 _aDLC
_cDLC
_dDLC
050 0 0 _aBJ1496
_b.L58 1980
082 0 0 _a241/.4
245 0 0 _aLiving more simply :
_bBiblical principles & practical models /
_cedited by Ronald J. Sider.
260 _aDowners Grove, Ill. :
_bInter-Varsity Press,
_cc1980.
300 _a206 p. ;
_c21 cm.
504 _aIncludes bibliographical references.
650 0 _aSimplicity
_xReligious aspects.
_9173
700 1 _aSider, Ronald J.
_9174
906 _a7
_bcbc
_corignew
_d2
_eocip
_f19
_gy-gencatlg
942 _2lcc
_cBK
_n0
999 _c48
_d48